000 00261nam a2200109Ia 4500
008 190216s9999||||xx |||||||||||||| ||und||
100 _aNigam Lall B M&Amp; Sharma G L
245 0 _aPractical Costing
260 _bKalyani Pub
_c1981
300 _a678p
942 _cBK
999 _c4843
_d4843